| 000 | 00476nam a2200181Ia 4500 | ||
|---|---|---|---|
| 001 | 7828 | ||
| 005 | 20260306160524.0 | ||
| 008 | 260306t1999||||xx |||||||||||||| ||spa|| | ||
| 041 | _aESP | ||
| 082 |
_a362.5 _bF75 |
||
| 100 |
_aForo Diálogo sobre Experiencias y Retos en la Lucha contra la Pobreza (1º. 1998. Ica, Perú) _eAUT |
||
| 245 | 0 | _aAnálisis y plenarias | |
| 260 | _c1999 | ||
| 300 |
_a _c30 cm. |
||
| 650 | _aGEN | ||
| 654 | _aCAN | ||
| 942 |
_cLIB _dJUS _fJUS _2ddc _n |
||
| 999 |
_c7828 _d7828 |
||